[Event "SUI-chT"]
[Site "Switzerland"]
[Date "2024.03.10"]
[Round "1.4"]
[White "Atlas, Valeri"]
[Black "Knoedler, Dieter"]
[Result "0-1"]
[WhiteElo "2417"]
[BlackElo "2259"]
[PlyCount "94"]
[EventDate "2024.03.10"]
[EventType "team-tourn"]
[EventRounds "9"]
[EventCountry "SUI"]
[SourceTitle "CB19_2024"]
[SourceDate "2024.05.08"]
[SourceVersion "1"]
[SourceVersionDate "2024.05.08"]
[SourceQuality "1"]
[WhiteTeam "Luzern"]
[BlackTeam "Bodan"]
[WhiteTeamCountry "SUI"]
[BlackTeamCountry "SUI"]

1. e4 e6 2. d4 d5 3. Nc3 Bb4 4. e5 c5 5. a3 Bxc3+ 6. bxc3 Ne7 7. Qg4 Qc7 8. Bd3 cxd4 9. Ne2 dxc3 10. Qxg7 Rg8 11. Qxh7 Nd7 12. Bf4 Nf8 13. Qh6 Bd7 14. Bg3 Nfg6 15. Qe3 Nc6 16. Nd4 Qb6 17. Nxc6 bxc6 18. Qxb6 axb6 19. h4 c5 20. h5 Nf8 21. Bh4 c4 22. Be2 b5 23. 0-0 Bc6 24. g3 Nd7 25. f4 Nc5 26. Bf3 Kd7 27. Rfd1 Nb3 28. cxb3 cxb3 29. Rac1 c2 30. Rd2 b2 31. Rdxc2 bxc1Q+ 32. Rxc1 Rxa3 33. Kf2 b4 34. Rb1 Ra2+ 35. Ke1 d4 36. Bxc6+ Kxc6 37. Rxb4 Kd5 38. h6 Rc8 39. Kd1 Rcc2 40. Ra4 Rd2+ 41. Ke1 Re2+ 42. Kf1 Rf2+ 43. Kg1 Rg2+ 44. Kh1 Rh2+ 45. Kg1 Rxa4 46. Kxh2 d3 47. h7 Ra8 0-1

[Event "EU-Cup 38th"]
[Site "Durres"]
[Date "2023.10.06"]
[Round "6.3"]
[White "Borhy, Marcell Boldizsar"]
[Black "Atlas, Valeri"]
[Result "1/2-1/2"]
[WhiteElo "2390"]
[BlackElo "2423"]
[PlyCount "74"]
[EventDate "2023.10.01"]
[EventType "team-swiss"]
[EventRounds "7"]
[EventCountry "ALB"]
[SourceTitle "EXT 2024"]
[Source "ChessBase"]
[SourceDate "2023.10.10"]
[SourceVersion "1"]
[SourceVersionDate "2023.10.10"]
[SourceQuality "1"]
[WhiteTeam "Dunajska Streda"]
[BlackTeam "Perfect"]
[WhiteTeamCountry "SVK"]
[BlackTeamCountry "MDA"]

1. c4 Nf6 2. g3 e6 3. Bg2 d5 4. Nf3 Be7 5. 0-0 0-0 6. d4 c6 7. Nc3 Nbd7 8. Qd3 b6 9. Rd1 Ba6 10. b3 Rc8 11. e4 c5 12. exd5 exd5 13. Qf1 dxc4 14. d5 Bd6 15. bxc4 Ne5 16. Nd2 Re8 17. Bb2 Ng6 18. Nce4 Nxe4 19. Nxe4 Be5 20. Bxe5 Nxe5 21. Rac1 f5 22. Nd2 Qd6 23. h3 Re7 24. f4 Nf7 25. Qd3 g6 26. Re1 Rce8 27. Kf2 Rxe1 28. Rxe1 Rxe1 29. Kxe1 Qe7+ 30. Kf2 Qf6 31. Bf1 g5 32. Qe3 gxf4 33. Qxf4 Kg7 34. Nf3 Nd6 35. Ne5 b5 36. cxb5 Bxb5 37. Bxb5 Nxb5 1/2-1/2

[Event "SUI-chT"]
[Site "Switzerland"]
[Date "2023.08.27"]
[Round "7.1"]
[White "Atlas, Valeri"]
[Black "Santos Ruiz, Miguel"]
[Result "0-1"]
[WhiteElo "2406"]
[BlackElo "2590"]
[PlyCount "68"]
[EventDate "2023.04.16"]
[EventType "team-tourn"]
[EventRounds "9"]
[EventCountry "SUI"]
[SourceTitle "EXT 2024"]
[Source "ChessBase"]
[SourceDate "2023.10.10"]
[SourceVersion "1"]
[SourceVersionDate "2023.10.10"]
[SourceQuality "1"]
[WhiteTeam "Luzern"]
[BlackTeam "Winterthur"]
[WhiteTeamCountry "SUI"]
[BlackTeamCountry "SUI"]

1. e4 c5 2. Nf3 d6 3. d4 cxd4 4. Nxd4 Nf6 5. Nc3 a6 6. g3 e6 7. Bg2 Be7 8. 0-0 Qc7 9. a4 Nc6 10. Be3 Ne5 11. Qe2 Nc4 12. Bc1 Bd7 13. b3 Na5 14. Bb2 Nc6 15. Nd1 0-0 16. Ne3 b5 17. axb5 Nxd4 18. Bxd4 Bxb5 19. c4 Bc6 20. e5 dxe5 21. Bxe5 Qxe5 22. Bxc6 Rab8 23. Rxa6 Rxb3 24. Qd1 Qc3 25. Ra8 Rxa8 26. Bxa8 h5 27. Bc6 g6 28. Bb5 Bc5 29. Qd8+ Kg7 30. Nd1 Qe5 31. Qa8 Ne4 32. Kg2 h4 33. Qa2 Rd3 34. Qe2 h3+ 0-1

[Event "SUI-chT"]
[Site "Switzerland"]
[Date "2023.04.30"]
[Round "2.1"]
[White "Atlas, Valeri"]
[Black "Netzer, Jean"]
[Result "1/2-1/2"]
[WhiteElo "2406"]
[BlackElo "2406"]
[PlyCount "59"]
[EventDate "2023.04.16"]
[EventType "team-tourn"]
[EventRounds "9"]
[EventCountry "SUI"]
[SourceTitle "EXT 2024"]
[Source "ChessBase"]
[SourceDate "2023.10.10"]
[SourceVersion "1"]
[SourceVersionDate "2023.10.10"]
[SourceQuality "1"]
[WhiteTeam "Luzern"]
[BlackTeam "Nyon"]
[WhiteTeamCountry "SUI"]
[BlackTeamCountry "SUI"]

1. e4 c5 2. Nf3 e6 3. d4 cxd4 4. Nxd4 Nc6 5. Nc3 Qc7 6. g3 d6 7. Bg2 a6 8. 0-0 Bd7 9. a4 Be7 10. Nxc6 bxc6 11. a5 Nf6 12. Be3 0-0 13. Na4 Rab8 14. Bb6 Qc8 15. b4 e5 16. c4 Bh3 17. Qe2 Bxg2 18. Kxg2 Qe6 19. Rfe1 Nd7 20. Rab1 f5 21. exf5 Rxf5 22. b5 axb5 23. cxb5 c5 24. Rb2 Rbf8 25. a6 Rxf2+ 26. Qxf2 Qd5+ 27. Kh3 Qe6+ 28. Kg2 Qd5+ 29. Kh3 Qe6+ 30. Kg2 1/2-1/2

[Event "AUT-chT 2223"]
[Site "Austria"]
[Date "2023.04.15"]
[Round "11.4"]
[White "Leitner, Gerald"]
[Black "Atlas, Valeri"]
[Result "1/2-1/2"]
[WhiteElo "2161"]
[BlackElo "2413"]
[PlyCount "89"]
[EventDate "2022.11.03"]
[EventType "team-tourn"]
[EventRounds "11"]
[EventCountry "AUT"]
[SourceTitle "EXT 2024"]
[Source "ChessBase"]
[SourceDate "2023.10.10"]
[SourceVersion "1"]
[SourceVersionDate "2023.10.10"]
[SourceQuality "1"]
[WhiteTeam "Tschaturanga"]
[BlackTeam "Hohenems"]
[WhiteTeamCountry "AUT"]
[BlackTeamCountry "AUT"]

1. d4 Nf6 2. c4 e6 3. Nc3 Bb4 4. e3 0-0 5. Nge2 Re8 6. a3 Bf8 7. e4 d6 8. g3 c5 9. Bg2 cxd4 10. Nxd4 a6 11. 0-0 Ra7 12. b4 b6 13. Bb2 Rc7 14. Qe2 Bb7 15. Rac1 Nbd7 16. Rfd1 Qa8 17. f3 h6 18. Nc2 Ne5 19. Ne3 Rec8 20. Na4 Qa7 21. Bd4 Nfd7 22. Kh1 Nc6 23. Bb2 Ba8 24. Rc2 b5 25. cxb5 axb5 26. Nc3 Nd4 27. Rxd4 Qxd4 28. Rd2 Qb6 29. Nxb5 Rc6 30. a4 Qb8 31. Qd1 Ne5 32. Qb3 Nc4 33. Nxc4 Rxc4 34. Bf1 R4c6 35. Nd4 Rc1 36. Bxc1 Rxc1 37. Kg2 d5 38. exd5 Bxd5 39. Qb2 Rc8 40. b5 Qa8 41. Rc2 e5 42. Rxc8 Qxc8 43. Nc6 Bxc6 44. bxc6 Qxc6 45. Bb5 1/2-1/2

[Event "AUT-chT 2223"]
[Site "Austria"]
[Date "2023.04.13"]
[Round "9.4"]
[White "Bauer, Thomas"]
[Black "Atlas, Valeri"]
[Result "0-1"]
[WhiteElo "2164"]
[BlackElo "2413"]
[PlyCount "58"]
[EventDate "2022.11.03"]
[EventType "team-tourn"]
[EventRounds "11"]
[EventCountry "AUT"]
[SourceTitle "EXT 2024"]
[Source "ChessBase"]
[SourceDate "2023.10.10"]
[SourceVersion "1"]
[SourceVersionDate "2023.10.10"]
[SourceQuality "1"]
[WhiteTeam "Ottakring"]
[BlackTeam "Hohenems"]
[WhiteTeamCountry "AUT"]
[BlackTeamCountry "AUT"]

1. e4 c5 2. Nc3 Nc6 3. Bb5 Nd4 4. Nge2 Nxb5 5. Nxb5 a6 6. Nbc3 e6 7. d4 b5 8. Be3 Qc7 9. Qd3 b4 10. Bf4 d6 11. Nd1 cxd4 12. Bd2 e5 13. Bxb4 a5 14. Ba3 Ba6 15. Qd2 Nf6 16. f3 Be7 17. c3 d5 18. Bxe7 Qxe7 19. Nf2 dxe4 20. fxe4 0-0 21. 0-0 dxc3 22. bxc3 Qc5 23. Ng3 Bxf1 24. Rxf1 Ng4 25. Nh5 Qe3 26. Qd7 Nxf2 27. Rxf2 Rab8 28. g3 Rb2 29. Qf5 Qxf2+ 0-1

[Event "AUT-chT 2223"]
[Site "Austria"]
[Date "2022.11.04"]
[Round "2.3"]
[White "Atlas, Valeri"]
[Black "Krassowizkij, Jaroslaw"]
[Result "1/2-1/2"]
[WhiteElo "2413"]
[BlackElo "2436"]
[PlyCount "47"]
[EventDate "2022.11.03"]
[EventType "team-tourn"]
[EventRounds "11"]
[EventCountry "AUT"]
[SourceTitle "EXT 2024"]
[Source "ChessBase"]
[SourceDate "2023.10.10"]
[SourceVersion "1"]
[SourceVersionDate "2023.10.10"]
[SourceQuality "1"]
[WhiteTeam "Hohenems"]
[BlackTeam "Goetzis"]
[WhiteTeamCountry "AUT"]
[BlackTeamCountry "AUT"]

1. e4 e5 2. Nf3 Nc6 3. Bc4 Bc5 4. c3 Nf6 5. d3 d6 6. 0-0 0-0 7. Re1 a5 8. Bg5 h6 9. Bh4 g5 10. Bg3 Nh7 11. d4 Bb6 12. dxe5 h5 13. h4 Bg4 14. Nbd2 Nxe5 15. Be2 Nxf3+ 16. Nxf3 Re8 17. Qd2 Bxf3 18. Bxf3 gxh4 19. Bf4 Qf6 20. Bxh5 Qg7 21. Bh6 Qf6 22. Bf4 Qg7 23. Bh6 Qf6 24. Bf4 1/2-1/2

[Event "SUI-chT"]
[Site "Switzerland"]
[Date "2022.09.18"]
[Round "7.3"]
[White "Atlas, Valeri"]
[Black "Sokolov, Andrei"]
[Result "1/2-1/2"]
[WhiteElo "2427"]
[BlackElo "2463"]
[PlyCount "89"]
[EventDate "2022.05.01"]
[EventType "team-tourn"]
[EventRounds "9"]
[EventCountry "SUI"]
[SourceTitle "EXT 2023"]
[Source "ChessBase"]
[SourceDate "2022.10.05"]
[SourceVersion "1"]
[SourceVersionDate "2022.10.05"]
[SourceQuality "1"]
[WhiteTeam "Luzern"]
[BlackTeam "Geneve"]
[WhiteTeamCountry "SUI"]
[BlackTeamCountry "SUI"]

1. e4 c5 2. Nf3 e6 3. d4 cxd4 4. Nxd4 Nc6 5. Nc3 d6 6. g3 Nf6 7. Bg2 Bd7 8. 0-0 Be7 9. a4 0-0 10. Be3 a6 11. Nxc6 Bxc6 12. a5 Nd7 13. Na4 Qc7 14. Nb6 Rae8 15. c4 Nxb6 16. axb6 Qd7 17. Ra5 f5 18. exf5 Bxg2 19. Kxg2 Qc6+ 20. Qf3 Qxf3+ 21. Kxf3 Rc8 22. Ke2 Rxf5 23. Rxf5 exf5 24. Kd3 Kf7 25. b4 Bf6 26. Bd4 Rc6 27. c5 dxc5 28. bxc5 Ke6 29. Re1+ Kd7 30. Bxf6 Rxf6 31. f4 h5 32. Kc4 g6 33. Rd1+ Ke7 34. Re1+ Kd7 35. Re2 Rc6 36. Rd2+ Ke7 37. Re2+ Kd7 38. Re3 Rf6 39. Rd3+ Ke7 40. Re3+ Kd7 41. Re1 Rc6 42. Rd1+ Ke7 43. Re1+ Kd7 44. Rd1+ Ke7 45. Re1+ 1/2-1/2

[Event "SUI-chT"]
[Site "Switzerland"]
[Date "2022.09.17"]
[Round "6.3"]
[White "Kaczmarczyk, Dennis"]
[Black "Atlas, Valeri"]
[Result "1-0"]
[WhiteElo "2471"]
[BlackElo "2427"]
[PlyCount "95"]
[EventDate "2022.05.01"]
[EventType "team-tourn"]
[EventRounds "9"]
[EventCountry "SUI"]
[SourceTitle "EXT 2023"]
[Source "ChessBase"]
[SourceDate "2022.10.05"]
[SourceVersion "1"]
[SourceVersionDate "2022.10.05"]
[SourceQuality "1"]
[WhiteTeam "Winterthur"]
[BlackTeam "Luzern"]
[WhiteTeamCountry "SUI"]
[BlackTeamCountry "SUI"]

1. d4 Nf6 2. c4 c5 3. d5 e5 4. Nc3 d6 5. e4 Be7 6. Nf3 Nbd7 7. Be2 a6 8. a4 b6 9. h4 Nh5 10. Nh2 Nf4 11. Bf3 h6 12. g3 Ng6 13. Nf1 Ngf8 14. Ne3 g6 15. h5 Bg5 16. hxg6 fxg6 17. Bg4 Nf6 18. Bxc8 Rxc8 19. a5 bxa5 20. Qa4+ N6d7 21. 0-0 Bxe3 22. Bxe3 g5 23. Qxa5 Qxa5 24. Rxa5 Nb8 25. Rfa1 Rh7 26. Rxa6 Nxa6 27. Rxa6 Rd7 28. Nb5 Ke7 29. Na7 Re8 30. Bd2 Nh7 31. b4 cxb4 32. Bxb4 Nf6 33. f3 g4 34. Kg2 gxf3+ 35. Kxf3 Rf8 36. Nc6+ Kf7 37. Nxe5+ Kg7 38. Nxd7 Nxd7+ 39. Ke3 Ne5 40. Bxd6 Nxc4+ 41. Kd4 Nxd6 42. Rxd6 Rf3 43. Rd7+ Kg6 44. Rd8 Kf7 45. e5 Rxg3 46. e6+ Ke7 47. Rd7+ Ke8 48. Rh7 1-0

[Event "Oberliga Bayern 2122"]
[Site "Bayern"]
[Date "2022.05.29"]
[Round "9.1"]
[White "Bauer, Sebastian"]
[Black "Atlas, Valeri"]
[Result "1-0"]
[WhiteElo "2270"]
[BlackElo "2385"]
[PlyCount "51"]
[EventDate "2021.10.24"]
[EventType "team-tourn"]
[EventRounds "9"]
[EventCountry "GER"]
[SourceTitle "EXT 2024"]
[Source "ChessBase"]
[SourceDate "2023.10.10"]
[SourceVersion "1"]
[SourceVersionDate "2023.10.10"]
[SourceQuality "1"]
[WhiteTeam "Trostberg"]
[BlackTeam "Pang/Rosenheim"]
[WhiteTeamCountry "GER"]
[BlackTeamCountry "GER"]

1. e4 c5 2. Nf3 d6 3. d4 cxd4 4. Nxd4 Nf6 5. Nc3 e6 6. g4 h6 7. h4 Nc6 8. Rg1 d5 9. exd5 Nxd5 10. Nxd5 exd5 11. Qe2+ Be7 12. Be3 0-0 13. 0-0-0 Bxh4 14. Nf5 Bxf5 15. gxf5 Bf6 16. Qh5 Kh7 17. Bd3 Ne5 18. Be4 Qc7 19. Rxg7+ Bxg7 20. f6+ dxe4 21. fxg7 Nd3+ 22. Rxd3 Qc6 23. gxf8Q Rxf8 24. Rd1 Qg6 25. Qh2 Rc8 26. Rd6 1-0

[Event "SUI-chT"]
[Site "Switzerland"]
[Date "2022.05.01"]
[Round "1.2"]
[White "Willems, Niels"]
[Black "Atlas, Valeri"]
[Result "1-0"]
[WhiteElo "2338"]
[BlackElo "2427"]
[PlyCount "83"]
[EventDate "2022.05.01"]
[EventType "team-tourn"]
[EventRounds "9"]
[EventCountry "SUI"]
[SourceTitle "EXT 2023"]
[Source "ChessBase"]
[SourceDate "2022.10.05"]
[SourceVersion "1"]
[SourceVersionDate "2022.10.05"]
[SourceQuality "1"]
[WhiteTeam "Echallens"]
[BlackTeam "Luzern"]
[WhiteTeamCountry "SUI"]
[BlackTeamCountry "SUI"]

1. e4 c5 2. Nf3 e6 3. b3 d6 4. d4 cxd4 5. Nxd4 Nf6 6. Bd3 Nc6 7. Bb2 Ne5 8. 0-0 Nxd3 9. Qxd3 Be7 10. Rd1 a6 11. c4 Qc7 12. Nc3 0-0 13. Rac1 Bd7 14. Qg3 Rad8 15. Nf5 exf5 16. Nd5 f4 17. Nxe7+ Kh8 18. Qxf4 Ne8 19. Qh4 Be6 20. c5 Qa5 21. c6 Qxa2 22. c7 Ra8 23. Ba1 Qxb3 24. c8Q Rxc8 25. Nxc8 Bxc8 26. Qd8 Be6 27. Qe7 Kg8 28. e5 dxe5 29. Bc3 Nf6 30. Rd8 Nd7 31. Rxf8+ Nxf8 32. Bb4 h6 33. Qxf8+ Kh7 34. Qc5 b5 35. Qc2+ Qxc2 36. Rxc2 Bc4 37. Rd2 Kg6 38. Rd6+ Kf5 39. f3 e4 40. Kf2 Ke5 41. Ke3 exf3 42. gxf3 1-0

[Event "AUT-chT 2122"]
[Site "Austria"]
[Date "2022.03.24"]
[Round "5.1"]
[White "Schwabeneder, Florian"]
[Black "Atlas, Valeri"]
[Result "0-1"]
[WhiteElo "2439"]
[BlackElo "2423"]
[PlyCount "64"]
[EventDate "2021.11.04"]
[EventType "team-tourn"]
[EventRounds "11"]
[EventCountry "AUT"]
[SourceTitle "EXT 2023"]
[Source "ChessBase"]
[SourceDate "2022.10.05"]
[SourceVersion "1"]
[SourceVersionDate "2022.10.05"]
[SourceQuality "1"]
[WhiteTeam "Grieskirchen/Schallerbach"]
[BlackTeam "Hohenems"]
[WhiteTeamCountry "AUT"]
[BlackTeamCountry "AUT"]

1. c4 Nf6 2. g3 c5 3. Bg2 Nc6 4. Nc3 g6 5. Nf3 e5 6. 0-0 Bg7 7. d3 0-0 8. a3 d6 9. Rb1 a5 10. Bg5 h6 11. Bxf6 Bxf6 12. Nd5 Bg7 13. b4 axb4 14. axb4 cxb4 15. Nxb4 Ne7 16. Nd2 f5 17. Nd5 Ra7 18. Nxe7+ Qxe7 19. Rb5 h5 20. e3 Kh8 21. Qb3 f4 22. Rb1 fxe3 23. fxe3 Bh6 24. Nf1 Qf6 25. Qc2 h4 26. Qe2 h3 27. Be4 Bg4 28. Qd2 b6 29. Bd5 Bf3 30. Rxb6 Bxd5 31. cxd5 Raf7 32. Qe2 Qxf1+ 0-1

[Event "SUI-chT"]
[Site "Switzerland"]
[Date "2021.12.11"]
[Round "8.3"]
[White "Vernay, Clovis"]
[Black "Atlas, Valeri"]
[Result "1/2-1/2"]
[WhiteElo "2513"]
[BlackElo "2426"]
[PlyCount "73"]
[EventDate "2021.08.29"]
[EventType "team-tourn"]
[EventRounds "9"]
[EventCountry "SUI"]
[SourceTitle "EXT 2023"]
[Source "ChessBase"]
[SourceDate "2022.10.05"]
[SourceVersion "1"]
[SourceVersionDate "2022.10.05"]
[SourceQuality "1"]
[WhiteTeam "Geneve"]
[BlackTeam "Luzern"]
[WhiteTeamCountry "SUI"]
[BlackTeamCountry "SUI"]

1. d4 Nf6 2. c4 c5 3. d5 e5 4. Nc3 d6 5. e4 Be7 6. Bd3 Nbd7 7. Nge2 a6 8. Ng3 g6 9. Bh6 Bf8 10. Bd2 h5 11. h4 Bh6 12. Bxh6 Rxh6 13. Qd2 Rh8 14. Nf1 Qe7 15. f3 Kd8 16. a3 Ne8 17. Ne3 Nc7 18. Rb1 a5 19. b3 Rf8 20. Na4 Nf6 21. Bc2 Ra6 22. b4 axb4 23. axb4 Nd7 24. b5 Ra8 25. Qd1 b6 26. Ra1 Bb7 27. Kd2 Ne8 28. Bd3 Kc7 29. Kc2 Ng7 30. Kb2 f5 31. Nc3 Rxa1 32. Qxa1 Ra8 33. Qe1 f4 34. Ned1 g5 35. hxg5 Qxg5 36. Bf1 Nf8 37. Nf2 1/2-1/2

[Event "SUI-chT"]
[Site "Switzerland"]
[Date "2021.10.24"]
[Round "5.3"]
[White "Hommeles, Theo"]
[Black "Atlas, Valeri"]
[Result "1/2-1/2"]
[WhiteElo "2381"]
[BlackElo "2426"]
[PlyCount "61"]
[EventDate "2021.08.29"]
[EventType "team-tourn"]
[EventRounds "9"]
[EventCountry "SUI"]
[SourceTitle "EXT 2023"]
[Source "ChessBase"]
[SourceDate "2022.10.05"]
[SourceVersion "1"]
[SourceVersionDate "2022.10.05"]
[SourceQuality "1"]
[WhiteTeam "Bodan"]
[BlackTeam "Luzern"]
[WhiteTeamCountry "SUI"]
[BlackTeamCountry "SUI"]

1. e4 c5 2. Nf3 d6 3. d4 cxd4 4. Nxd4 Nf6 5. Nc3 a6 6. Be2 e6 7. 0-0 Nbd7 8. f4 b5 9. Bf3 Bb7 10. e5 Bxf3 11. Qxf3 dxe5 12. Nc6 Qb6+ 13. Kh1 e4 14. Nxe4 Nxe4 15. Qxe4 Nf6 16. Qf3 Rc8 17. Ne5 Bd6 18. Be3 Qc7 19. Bd4 0-0 20. c3 Bc5 21. Bxc5 Qxc5 22. a4 Qd5 23. Qe2 Qe4 24. Qxe4 Nxe4 25. Rfe1 Nd6 26. axb5 axb5 27. g3 Nc4 28. Nxc4 bxc4 29. Kg2 Rc7 30. Re2 Rb8 31. Kf2 1/2-1/2

[Event "EU-Cup 36th"]
[Site "Struga"]
[Date "2021.09.23"]
[Round "6.1"]
[White "Atlas, Valeri"]
[Black "Smith, Axel"]
[Result "1/2-1/2"]
[WhiteElo "2426"]
[BlackElo "2451"]
[PlyCount "99"]
[EventDate "2021.09.18"]
[EventType "team-swiss"]
[EventRounds "7"]
[EventCountry "MKD"]
[SourceTitle "CBM 204 Extra"]
[Source "ChessBase"]
[SourceDate "2021.11.30"]
[SourceVersion "1"]
[SourceVersionDate "2021.11.30"]
[SourceQuality "1"]
[WhiteTeam "Perfect"]
[BlackTeam "Lunds"]
[WhiteTeamCountry "MDA"]
[BlackTeamCountry "SWE"]

1. e4 c5 2. Nf3 Nc6 3. Nc3 g6 4. d4 cxd4 5. Nxd4 Bg7 6. Nde2 Nf6 7. g3 b5 8. Bg2 b4 9. Nd5 a5 10. 0-0 Ba6 11. Be3 0-0 12. Re1 e6 13. Nb6 Rb8 14. Na4 Bb5 15. c3 Ng4 16. Bf4 Bxa4 17. Qxa4 bxc3 18. bxc3 Rb2 19. h3 Nge5 20. Bc1 Rb7 21. Ba3 Re8 22. Rad1 Qb6 23. Nd4 Rc8 24. Nb3 Qb5 25. Qxb5 Rxb5 26. Nd4 Nxd4 27. cxd4 Rc3 28. Re3 Rxe3 29. fxe3 Nc4 30. Bf1 Nxa3 31. Bxb5 Nxb5 32. Rc1 Bf8 33. a4 Na3 34. d5 Bb4 35. Kf2 exd5 36. exd5 Kg7 37. Ke2 Kf6 38. Rf1+ Ke7 39. Kd3 h5 40. e4 f6 41. Rc1 g5 42. g4 hxg4 43. hxg4 Kd6 44. Rf1 Ke7 45. Rc1 Kd6 46. Rf1 Ke7 47. Rc1 Kd6 48. Rf1 Ke7 49. Rc1 Kd6 50. Rf1 1/2-1/2

[Event "Oberliga Bayern 1920"]
[Site "Bayern"]
[Date "2020.03.01"]
[Round "7.1"]
[White "Mueller, Marcus"]
[Black "Atlas, Valeri"]
[Result "0-1"]
[WhiteElo "2061"]
[BlackElo "2407"]
[PlyCount "102"]
[EventDate "2019.10.20"]
[EventType "team-tourn"]
[EventRounds "9"]
[EventCountry "GER"]
[SourceTitle "EXT 2021"]
[Source "ChessBase"]
[SourceDate "2020.10.23"]
[SourceVersion "1"]
[SourceVersionDate "2020.10.23"]
[SourceQuality "1"]
[WhiteTeam "Nuernberg Sued SW"]
[BlackTeam "Pang/Rosenheim"]
[WhiteTeamCountry "GER"]
[BlackTeamCountry "GER"]

1. d4 Nf6 2. Nf3 e6 3. g3 b6 4. Bg2 Bb7 5. 0-0 g6 6. c4 Bg7 7. Nc3 Ne4 8. Qd3 Nxc3 9. Qxc3 0-0 10. Re1 Be4 11. Qe3 f5 12. Bd2 Qe7 13. Bc3 Re8 14. Rad1 d6 15. d5 Bxc3 16. Qxc3 Nd7 17. Nd4 Bxg2 18. Kxg2 e5 19. Ne6 Nf8 20. Nxf8 Rxf8 21. b4 f4 22. c5 e4 23. f3 Rae8 24. a3 Rf5 25. cxd6 cxd6 26. fxe4 Qxe4+ 27. Qf3 Qe5 28. g4 Rf7 29. Rd3 Qg5 30. Rf1 h5 31. h3 hxg4 32. hxg4 Rh7 33. Rh1 Rxh1 34. Kxh1 Qh4+ 35. Kg2 Qe1 36. e3 fxe3 37. Rd1 Qc3 38. Rf1 Qb2+ 39. Kg1 Qg7 40. Re1 Qd4 41. Kg2 Kg7 42. Kg3 Qe5+ 43. Qf4 g5 44. Qxe5+ Rxe5 45. Re2 Kf6 46. Kf3 b5 47. Kg3 Re4 48. Kf3 Ke5 49. Rxe3 Rxe3+ 50. Kxe3 Kxd5 51. Kd3 Ke5 0-1

[Event "AUT-chT 1920"]
[Site "Austria"]
[Date "2020.01.10"]
[Round "6.4"]
[White "Atlas, Valeri"]
[Black "Platzgummer, Fabian"]
[Result "1/2-1/2"]
[WhiteElo "2434"]
[BlackElo "2331"]
[PlyCount "60"]
[EventDate "2019.10.10"]
[EventType "team-tourn"]
[EventRounds "11"]
[EventCountry "AUT"]
[SourceTitle "CBM 194 Extra"]
[Source "ChessBase"]
[SourceDate "2020.03.31"]
[SourceVersion "1"]
[SourceVersionDate "2020.03.31"]
[SourceQuality "1"]
[WhiteTeam "Hohenems"]
[BlackTeam "Mayrhofen/Zillertal"]
[WhiteTeamCountry "AUT"]
[BlackTeamCountry "AUT"]

1. e4 c6 2. Nf3 d5 3. Nc3 Bg4 4. h3 Bxf3 5. Qxf3 e6 6. d4 dxe4 7. Qxe4 Nf6 8. Qd3 Na6 9. a3 Nc7 10. Be2 Ncd5 11. Nxd5 Nxd5 12. Qe4 b5 13. 0-0 a5 14. a4 b4 15. c4 bxc3 16. bxc3 Rc8 17. Bd2 Be7 18. c4 Nb4 19. Rad1 0-0 20. Bf4 Bd6 21. Be5 Qc7 22. Bd3 f5 23. Bxd6 Qxd6 24. Qe2 Rce8 25. Bb1 c5 26. dxc5 Qxc5 27. Rd7 Qc6 28. Ra7 Qb6 29. Rd7 Qc6 30. Ra7 Qb6 1/2-1/2

[Event "Oberliga Bayern 1920"]
[Site "Bayern"]
[Date "2019.12.08"]
[Round "4.1"]
[White "Atlas, Valeri"]
[Black "Miller, Eduard"]
[Result "0-1"]
[WhiteElo "2407"]
[BlackElo "2381"]
[PlyCount "114"]
[EventDate "2019.10.20"]
[EventType "team-tourn"]
[EventRounds "9"]
[EventCountry "GER"]
[SourceTitle "EXT 2021"]
[Source "ChessBase"]
[SourceDate "2020.10.23"]
[SourceVersion "1"]
[SourceVersionDate "2020.10.23"]
[SourceQuality "1"]
[WhiteTeam "Pang/Rosenheim"]
[BlackTeam "Erlangen SC"]
[WhiteTeamCountry "GER"]
[BlackTeamCountry "GER"]

1. e4 c5 2. Nf3 Nc6 3. Nc3 g6 4. d4 cxd4 5. Nxd4 Bg7 6. Nde2 Nf6 7. g3 b5 8. Bg2 b4 9. Nd5 a5 10. 0-0 e6 11. Nxf6+ Bxf6 12. a3 Ba6 13. Re1 0-0 14. Nf4 Qc7 15. axb4 axb4 16. Nd3 Bxd3 17. Rxa8 Rxa8 18. Qxd3 Ra1 19. Kf1 Nd4 20. Bf4 Qxc2 21. Qxc2 Nxc2 22. Rxa1 Nxa1 23. Bd6 Bxb2 24. Bxb4 Nc2 25. Bd2 Nd4 26. f4 f6 27. Be3 Nc6 28. Ke2 Bd4 29. Bd2 Kf7 30. g4 Ke7 31. h4 Kd6 32. h5 gxh5 33. gxh5 Kc5 34. h6 Ne7 35. Bc1 Bc3 36. Kd3 Be1 37. Bf3 Ng8 38. Bh5 f5 39. exf5 exf5 40. Bg6 Nxh6 41. Bxh7 Kd5 42. Bb2 Ke6 43. Bg7 Nf7 44. Bg8 Bb4 45. Bb2 Bd6 46. Ke3 Be7 47. Bc3 Bf6 48. Bb4 Bb2 49. Kf3 Kf6 50. Bf8 Kg6 51. Ke3 Bc1+ 52. Kf3 d5 53. Kg3 d4 54. Kf3 d3 55. Kf2 Bxf4 56. Kf3 Bc1 57. Kf2 f4 0-1

[Event "SUI-chT"]
[Site "Switzerland"]
[Date "2019.09.08"]
[Round "7.3"]
[White "Atlas, Valeri"]
[Black "Kosteniuk, Alexandra"]
[Result "1/2-1/2"]
[WhiteElo "2452"]
[BlackElo "2527"]
[PlyCount "74"]
[EventDate "2019.03.10"]
[EventType "team-tourn"]
[EventRounds "9"]
[EventCountry "SUI"]
[SourceTitle "EXT 2020"]
[Source "ChessBase"]
[SourceDate "2019.10.17"]
[SourceVersion "1"]
[SourceVersionDate "2019.10.17"]
[SourceQuality "1"]
[WhiteTeam "Luzern"]
[BlackTeam "Zuerich"]
[WhiteTeamCountry "SUI"]
[BlackTeamCountry "SUI"]

1. e4 e5 2. Nf3 Nc6 3. Bc4 Bc5 4. d3 Nf6 5. 0-0 d6 6. c3 h6 7. a4 a5 8. Re1 0-0 9. Nbd2 Bb6 10. Bb3 Be6 11. Nc4 Ba7 12. h3 Nd7 13. d4 exd4 14. Nxd4 Nc5 15. Nxe6 fxe6 16. Be3 Qh4 17. Bc2 e5 18. Qg4 Qf6 19. Rf1 Kh8 20. g3 Rae8 21. Kg2 Qf7 22. Nd2 Re6 23. f4 exf4 24. Rxf4 Rf6 25. Rxf6 Qxf6 26. Rf1 Qe7 27. Rxf8+ Qxf8 28. Nf3 Ne5 29. Qf5 Qxf5 30. exf5 Nc4 31. Bc1 d5 32. b3 Nd6 33. Be3 Bb6 34. Bxc5 Bxc5 35. Ne5 Kg8 36. Kf3 Nf7 37. Nxf7 Kxf7 1/2-1/2